| 000 | 00858cab a2200217 4500 | ||
|---|---|---|---|
| 001 | WB2832-68 | ||
| 008 | 090401t1992 xxu||||| |||| 00| 0 eng d | ||
| 035 | _a(Sirsi) u558 | ||
| 041 | _aeng | ||
| 245 | _aDisclaimer | ||
| 260 | _c1992 | ||
| 350 | _a0 | ||
| 490 |
_aEstates Gazette Case Summaries _v(1992) EGCS 107(1) (8/8/92) |
||
| 520 | _a"Cavendish Offices & Houses Investments Ltd v Adams" ChD 17 July 1992. Increases made at rent review pushed a subtenant into insolvency, and as its only asset was its underlease, notice was served by the liquidator to disclaim. C, however, applied to the court for an order to set aside this disclaimer, but failed in its action. | ||
| 650 | _aGUARANTORS | ||
| 650 | _aINSOLVENCY ACT 1985 | ||
| 650 | _aLEASES | ||
| 690 | _aLANDLORD AND TENANT-CASE LAW-BUSINESS TENANCIES | ||
| 942 | _n0 | ||
| 948 | _c04/03/1997 | ||
| 999 |
_c262 _d262 |
||